[Event "CHN-ch Rapid Women 2018"]
[Site "Shenzhen"]
[Date "2018.06.06"]
[Round "3"]
[White "Song, Yuxin"]
[Black "Zhang, Lanlin"]
[Result "0-1"]
[WhiteElo "2182"]
[BlackElo "2177"]
[Annotator "TA"]
[PlyCount "62"]
[EventDate "2018.??.??"]
[EventType "rapid"]
[EventCountry "CHN"]
[SourceTitle "playchess.com"]
[Source "ChessBase"]
[SourceQuality "1"]

{[%evp 31,61,60,43,0,28,19,31,27,97,12,39,38,44,38,78,0,170,-25,-23,-105,-68,-550,-575,-570,-554,-614,-599,-1096,-1098,-1516,-1626,-29999]} 1. e4 e5 2. Nf3 Nc6 3. Bb5 a6 4. Ba4 Nf6 5. O-O b5 6. Bb3 Be7 7. Re1 O-O 8. h3 d6 9. c3 Na5 10. Bc2 c5 11. d4 Qc7 12. Nbd2 {[%cal Bb1d2,Bd2f1,Bf1e3,Be3f5][%mdl 32]} cxd4 13. cxd4 Bb7 14. Nf1 Nc6 15. d5 Nb4 16. Bb1 a5 17. Ne3 {C96: Closed Ruy Lopez: Chigorin Defence: 11 d4, replies other than 11...Qc7} (17. Bd2 Na6 18. Ng3 Bc8 19. Nh4 g6 20. Bh6 Re8 21. Qf3 Ng4 22. hxg4 Bxh4 23. Nf1 Qd8 24. Bd3 Bd7 {½-½ (41) Szelag,M (2392)-Liwak,P (2272) Trzebinia 2000}) 17... Na6 $146 ({Predecessor:} 17... g6 18. g4 Rfc8 19. Nh2 Na6 20. Qf3 Nc5 21. g5 Ne8 22. Neg4 Bf8 23. Nf6+ Nxf6 24. gxf6 Nd7 {0-1 (58) Bicchierai,G (2104)-Cristofari,A (2091) Bastia 2004}) 18. Nf5 Bd8 19. Qe2 {White is slightly better.} b4 (19... Nc5 $11 {keeps the balance.}) 20. Nh2 (20. Be3 $16) 20... Kh8 21. Be3 Nc5 22. Rc1 {Threatens to win with Nxd6!} Rc8 23. f4 (23. Bxc5 $16 dxc5 24. Nf3) 23... Qd7 $2 {[#]} (23... Nfd7 $11 {and Black stays safe.}) 24. Bxc5 $2 ({Better is} 24. Rxc5 $1 $18 {[%mdl 512]} dxc5 (24... Rxc5 25. fxe5) 25. fxe5) 24... exf4 $11 25. e5 {[#]} (25. Nxd6 $11 Rxc5 26. Rxc5 Qxd6 27. Rc1) 25... dxe5 $1 $17 {aiming for ...Bb6!} 26. Bd3 $2 {[%mdl 8192] [#]} ({But not} 26. Qxe5 $2 Bb6 $19) (26. Ng4 $1 $15 Bb6 27. Nxf6 gxf6 28. Be4 Rxc5 29. Rxc5 Bxc5+ 30. Kh2) 26... Rxc5 $1 $19 {[%mdl 512]} 27. Rxc5 Bb6 28. Rac1 Qxd5 29. Ne3 Bxc5 30. Bc4 Bxe3+ 31. Qxe3 Qxg2# {Precision: White = 14%, Black = 51%.} 0-1

[Event "CHN-ch Rapid Women 2018"]
[Site "Shenzhen"]
[Date "2018.06.06"]
[Round "3"]
[White "Zhao, Shengxin"]
[Black "Huang, Qian"]
[Result "0-1"]
[WhiteElo "2149"]
[BlackElo "2449"]
[Annotator "TA"]
[PlyCount "121"]
[EventDate "2018.??.??"]
[EventType "rapid"]
[EventCountry "CHN"]
[SourceTitle "playchess.com"]
[Source "ChessBase"]
[SourceQuality "1"]

{[%evp 11,121,78,81,47,32,39,70,35,57,-14,56,-22,-27,-29,-29,-32,-29,-39,-31,-87,-87,-84,-81,-110,-109,-126,-105,-154,-126,-158,-151,-234,-223,-233,-215,-234,-229,-238,-241,-236,-229,-560,-164,-379,-171,-299,-290,-302,-304,-291,-315,-296,-285,-272,-215,-274,-210,-205,-146,-133,-135,-127,-78,-70,-77,-89,-105,-62,12,-46,22,0,-4,-193,-29,-32,-32,-32,-31,-45,-2,-146,-189,-218,-175,-173,-173,-635,-603,-634,-620,-566,-593,-950,-887,-1121,-1094,-1123,-883,-1055,-982,-1347,-1295,-1452,-504,-483,-473,-462,-209,-176,-20,-4622]} 1. d4 g6 2. c4 Bg7 3. Nf3 d6 4. Nc3 e5 5. e4 c6 6. Be2 {A42: Modern Defence: Averbakh Variation} (6. Be3 Bg4 7. Be2 Bxf3 8. Bxf3 exd4 9. Bxd4 Bxd4 10. Qxd4 Qf6 11. O-O-O Qxd4 12. Rxd4 Nd7 13. Rxd6 Ke7 {1-0 (45) Fedorovsky,M (2431)-Zambo,Z (2398) Schwarzach 2014}) 6... Bg4 {LiveBook: 8 Games. Black wants to play ...Bxf3.} 7. dxe5 Bxf3 8. Bxf3 {White is slightly better.} dxe5 9. Qxd8+ Kxd8 10. O-O $146 (10. g4 $14) ({Predecessor:} 10. Be3 Nf6 11. O-O-O+ Nbd7 12. h3 Ke7 13. Bg4 Rhd8 14. Bxd7 Nxd7 {½-½ (50) Cunningham,R (2263)-Chakravarthi,Y (2047) chess.com INT 2017}) 10... Nd7 (10... Bh6 $1 $11) 11. Be3 (11. Rd1 $14) 11... Bh6 $11 12. Bxh6 Nxh6 13. Be2 Ke7 14. b4 Rhd8 15. f4 ({Better is} 15. Rab1 $15) 15... exf4 $17 16. Rxf4 Ng8 17. b5 Ne5 18. a4 a5 19. Rff1 Nf6 20. Rab1 Nfd7 21. bxc6 (21. Kf2 $17) 21... bxc6 $19 22. Rb7 Ke6 23. Rd1 h5 24. Bf1 Rdb8 25. Rc7 Nc5 26. Nd5 $2 (26. g3 {is tougher.}) 26... Nxe4 $2 ({Less strong is} 26... cxd5 27. Rxc5 dxe4 28. Rd4 $17) (26... Kd6 27. Be2 Nxa4) 27. Re7+ $2 (27. Nf4+ Kf6 28. Bd3) 27... Kf5 (27... Kd6 $142 28. g3 cxd5 29. Rxd5+ Kxe7 30. Rxe5+ Kf8 31. Rxe4 Rb4) 28. Nc7 (28. Bd3 $142 Nxd3 29. Ne3+ Kf6 30. Rxe4) 28... Kf6 29. Rxe5 Kxe5 30. Nxa8 Rxa8 {[%mdl 4096] Endgame KRB-KRN} 31. Rd7 f5 {[%cal Bf7f5,Bf5f4][%mdl 32]} 32. Rg7 g5 33. Bd3 Nc5 34. Bc2 Kf6 35. Rc7 Ra6 $1 36. Rc8 f4 37. Rf8+ Ke5 38. Rf5+ Kd4 39. Rxg5 Rb6 (39... Kc3 $15 40. Rxc5 Kxc2 41. Rxh5 Kb3) 40. Rf5 (40. Rxh5 $11 Rb2 41. Bh7) 40... Kxc4 ({Black should play} 40... Rb2 $15 41. Rxf4+ Kc3) 41. Rxf4+ Kc3 42. Bd1 $2 {[#]} (42. Bg6 $11 {and White is okay.}) 42... Rb1 $2 (42... Nd3 $1 $19 {[%cal Rd3f4]} 43. Rf1 h4) 43. Rf1 $11 h4 44. Bf3 Rb6 45. Rc1+ Kb4 (45... Kd4 $5 {[%cal Rc5d3]} 46. g4 Nxa4 47. Rxc6 Ke3 $11) 46. Bd1 (46. g4 $11 hxg3 47. h4 Nxa4 48. Rxc6) 46... Nxa4 $17 47. Rb1+ Kc3 48. Ra1 Nb2 49. Be2 $2 (49. Bf3) 49... a4 $19 {[%cal Ba5a4,Ba4a3,Ba3a2][%mdl 32]} 50. Kf2 Kb3 51. g4 hxg3+ 52. Kxg3 a3 53. h4 c5 {[%cal Bc6c5,Bc5c4][%mdl 32]} 54. h5 c4 55. Bf3 a2 56. Bd5 Ra6 57. Kg4 Nd3 (57... Rd6 $142 58. Bf7 Rd7) 58. h6 Ne5+ 59. Kf5 Rxh6 (59... Ng6 $142 {Hoping for ...Ne7+.} 60. h7 Nh8) 60. Kxe5 {[#]} Rh5+ $2 (60... Rh4 $1 $19 61. Rg1 Kb2 62. Rg2+ Ka3 63. Rg3+ Kb4) 61. Ke4 $2 {[%mdl 8192] Precision: White = 19%, Black = 46%.} (61. Kd4 $11) 0-1

[Event "CHN-ch Rapid Women 2018"]
[Site "Shenzhen"]
[Date "2018.06.06"]
[Round "3"]
[White "Li, Yunshan"]
[Black "Gu, Tianlu"]
[Result "1-0"]
[WhiteElo "2130"]
[BlackElo "2210"]
[Annotator "TA"]
[PlyCount "67"]
[EventDate "2018.??.??"]
[EventType "rapid"]
[EventCountry "CHN"]
[SourceTitle "playchess.com"]
[Source "ChessBase"]
[SourceQuality "1"]

{[%evp 18,67,26,23,30,17,19,18,10,8,60,45,52,46,77,-8,-12,-20,-4,-21,-25,-15,0,0,31,31,82,8,18,0,14,0,0,0,77,77,156,175,176,178,170,172,154,141,731,712,1204,937,1960,1879,1273,1245]} 1. d4 d5 2. c4 e6 3. Nf3 c6 4. e3 f5 5. Bd3 Bd6 6. O-O Nf6 7. b3 Qe7 8. a4 O-O 9. Ba3 Bxa3 10. Nxa3 Bd7 {A84: Dutch Defence: 2 c4 Miscellaneous} (10... a5 11. Ne5 Nbd7 12. f4 Ne4 13. Nc2 Nxe5 14. fxe5 Bd7 15. Qe1 b6 16. Bxe4 fxe4 17. Rxf8+ Kxf8 18. Qc3 dxc4 19. bxc4 {0-1 (35) Seres,L (2408)-Richter,M (2493) Germany 2015}) 11. Nc2 Be8 12. Qc1 Nbd7 $146 {The position is equal.} ({Predecessor:} 12... Ne4 13. Ne5 Nd7 14. Nxd7 Bxd7 15. c5 e5 16. b4 a6 17. dxe5 Qxe5 18. f3 Nf6 {½-½ (18) De Boer,R-Brink,J Netherland 2000}) 13. Qa3 c5 (13... Qxa3 $11 14. Nxa3 Bg6) 14. cxd5 Nxd5 15. dxc5 Qxc5 16. Qxc5 ({Better is} 16. Bc4 $16) 16... Nxc5 $11 17. Bc4 Nb6 $1 18. a5 Nxc4 19. bxc4 Rc8 20. Ncd4 Bf7 21. Ne5 Rfd8 {[#]} (21... Be8 $14) 22. Rab1 (22. a6 $1 $16 {[%cal Ra6b7][%mdl 512] Black must now prevent axb7.} Nxa6 (22... bxa6 23. Ndc6) 23. Ndc6) 22... Be8 23. Rb2 Kf8 24. h4 Ke7 25. f4 Bc6 (25... Rd6 $11 {remains equal.}) 26. a6 $16 {aiming for Ra1.} Nxa6 ({Black should try} 26... Be4) 27. Ndxc6+ bxc6 28. Ra1 Nc5 29. Rxa7+ Kf8 30. Rba2 Rd6 $2 {[%mdl 8192]} (30... Kg8 $16 31. Re7 Re8 32. Rxe8+ Rxe8) 31. Rf7+ $18 {White is clearly winning.} Ke8 32. Raa7 Rb8 33. Rxg7 {[%cal Rg7g8]} Rb1+ 34. Kh2 {Precision: White = 52%, Black = 30%.} 1-0

[Event "CHN-ch Rapid Women 2018"]
[Site "Shenzhen"]
[Date "2018.06.06"]
[Round "4"]
[White "Huang, Qian"]
[Black "Zhai, Mo"]
[Result "1/2-1/2"]
[WhiteElo "2449"]
[BlackElo "2343"]
[Annotator "TA"]
[PlyCount "98"]
[EventDate "2018.??.??"]
[EventType "rapid"]
[EventCountry "CHN"]
[SourceTitle "playchess.com"]
[Source "ChessBase"]
[SourceQuality "1"]

{[%evp 18,98,10,0,0,-14,-11,-12,11,-3,20,14,50,35,29,53,60,-3,0,0,42,0,66,67,71,73,87,36,61,61,64,64,96,10,0,0,20,-14,-25,-21,-6,-14,-14,-18,-25,-31,0,-16,19,0,0,0,18,25,104,81,104,0,0,0,0,0,0,-373,16,8,18,19,19,16,8,14,23,35,230,11,10,0,230,0,14,0,194]} 1. Nf3 Nf6 2. c4 e6 3. g3 d5 4. d4 Bb4+ 5. Bd2 Be7 6. Bg2 O-O 7. O-O Nbd7 {[%cal Bb8d7,Bd7b6,Bb6c4][%mdl 32]} 8. Qb3 {E11: Damenindisch (Bogoljubow-Variante)} Nb6 9. c5 Nc4 10. Bf4 {LiveBook: 3 Partien} b6 11. c6 $146 ({Vorgänger:} 11. cxb6 cxb6 12. Nc3 Bb7 13. Rac1 Rc8 14. Ne5 a6 15. Qd1 Nxb2 {½-½ (73) Eljanov,P (2716)-Roiz,M (2658) Netanya 2009}) 11... a5 12. Qc2 Ba6 13. Re1 b5 14. Nbd2 b4 15. Nxc4 Bxc4 16. Ne5 Bb5 17. e3 (17. a4 $14 Ba6 18. Bf3) 17... h6 18. h4 Ra6 19. Bf1 Qb8 ({Besser ist} 19... Bxf1 $11 20. Kxf1 a4) 20. Bxb5 $14 Qxb5 21. a4 $1 {[%cal Ra4b5]} Qb6 22. b3 (22. g4 $16) 22... Bd6 23. f3 $1 Bxe5 24. Bxe5 Ne8 25. h5 (25. Rac1 $16) 25... f6 $11 26. Bf4 Nd6 27. Qd3 Nf7 28. g4 e5 29. Bg3 $1 Qxc6 {und nun wäre ...De6 stark für Schwarz.} 30. Rac1 Qe6 {Droht ...Sg5 und aus.} 31. Qf5 ({Viel schwächer wäre} 31. Rxc7 e4 $17) 31... Qxf5 (31... Qe7 {keeps more tension.} 32. Re2 c6 33. Kg2 Qb7 34. dxe5 fxe5 35. Rf2 Re8) 32. gxf5 c6 33. Kg2 Re8 34. dxe5 fxe5 35. e4 Nd6 (35... dxe4 $11 36. fxe4 Rd8) 36. Red1 Kf8 37. exd5 (37. Kf2 $16) 37... Nxf5 {...Se3+ ist eine echte Drohung.} 38. Bf2 cxd5 39. Rxd5 Nd4 40. Rc7 $2 {[%mdl 8192]} (40. Bxd4 $11 exd4 41. Rxd4) 40... Ne2 $2 (40... Ne6 $1 $19 {[%cal Re6c7]} 41. Rcd7 Nf4+ 42. Kg3 Nxd5 43. Rxd5 Kf7) 41. Be3 {Schwarz sollte Tdd7 verhindern.} Nf4+ 42. Bxf4 $1 exf4 {[%mdl 4096] Endspiel KTT-KTT} 43. Rf5+ Kg8 44. Rff7 Re5 45. Rxg7+ Kf8 $2 {[#]} ({Günstiger ist} 45... Kh8 $1 $14) 46. Rgf7+ $2 ({Weiss braucht} 46. Rcf7+ $1 $18 Ke8 47. Rc7 (47. Rxf4 Rxh5 48. Rc4 Kd8 $14)) 46... Kg8 $1 47. Rg7+ $2 (47. Kh3 $11) 47... Kf8 $18 {[#]} 48. Rgf7+ $2 (48. Rcf7+ $1 $18 Ke8 49. Rc7 (49. Rxf4 Rxh5 50. Rfg4 Re5 $11) 49... Kf8) 48... Kg8 $1 $11 49. Rg7+ $2 (49. Rxf4 $11 Rxh5 50. Rg4+ Kf8 51. Rgg7) 49... Kf8 {Precision: Weiß = 42%, Schwarz = 40%.} 1/2-1/2

[Event "CHN-ch Rapid Women 2018"]
[Site "Shenzhen"]
[Date "2018.06.06"]
[Round "4"]
[White "Ni, Shiqun"]
[Black "Xiao, Yiyi"]
[Result "1-0"]
[WhiteElo "2427"]
[BlackElo "2331"]
[Annotator "TA"]
[PlyCount "43"]
[EventDate "2018.??.??"]
[EventType "rapid"]
[EventCountry "CHN"]
[SourceTitle "playchess.com"]
[Source "ChessBase"]
[SourceQuality "1"]

{[%evp 16,43,26,14,9,21,27,12,29,22,35,35,39,0,0,6,88,25,202,186,202,181,195,193,558,556,29996,29997,29997,29998]} 1. e4 e5 2. Nf3 Nc6 3. Bb5 Nf6 4. O-O Nxe4 5. d4 Nd6 6. Bxc6 dxc6 7. dxe5 Nf5 8. Qxd8+ Kxd8 9. h3 h5 {C67: Ruy Lopez: Berlin Defence: 4 0-0 Nxe4} 10. Nc3 {[%cal Bb1c3,Bc3e2,Be2f4][%mdl 32]} Ke8 11. Bg5 Be7 {The position is equal.} 12. Ne2 Be6 13. Nf4 Bd5 14. Bxe7 Kxe7 15. Ng5 $36 {[%mdl 2048] [#] White is pushing.} Rh6 $146 (15... Nd4 $11 {remains equal.}) ({Predecessor:} 15... Nd4 16. Rad1 Ne6 17. Ngxe6 Bxe6 18. h4 {1-0 (49) Carlsen,M (2772)-Jakovenko,D (2760) Dortmund 2009}) 16. Rfe1 (16. Rfd1 $16) 16... f6 $2 (16... Nd4 $11 17. Rad1 Nxc2) 17. exf6+ Kxf6 18. Nxd5+ cxd5 19. f4 {[%csl Gg5][%cal Re1e6] [#]} Nd4 $2 (19... Nd6 {is a better chance.} 20. Re6+ Kf5 21. Re5+ Kg6 22. Rxd5 Re8) 20. Rad1 $18 Nxc2 21. Re6+ Kf5 22. Rxd5+ {Precision: White = 46%, Black = 19%.} 1-0

[Event "CHN-ch Rapid Women 2018"]
[Site "Shenzhen"]
[Date "2018.06.06"]
[Round "4"]
[White "Ning, Kaiyu"]
[Black "Li, Xueyi"]
[Result "1/2-1/2"]
[WhiteElo "2341"]
[BlackElo "2195"]
[Annotator "TA"]
[PlyCount "120"]
[EventDate "2018.??.??"]
[EventType "rapid"]
[EventCountry "CHN"]
[SourceTitle "playchess.com"]
[Source "ChessBase"]
[SourceQuality "1"]

{[%evp 21,120,-4,12,0,14,13,8,17,8,19,42,42,137,0,118,87,85,87,94,94,97,94,112,93,101,71,156,116,128,126,135,0,0,0,0,0,0,0,0,-55,-52,-60,-56,-94,-94,-94,-94,-94,-94,-94,-93,-93,-93,-93,-93,-93,-93,-93,-93,-93,-93,-93,-93,-93,-92,-256,-256,-256,-249,-255,-246,-219,-110,-90,-83,-75,-67,-76,-43,-52,-39,-58,-27,-27,-22,-25,-14,-14,-8,-12,0,0,0,-8,-8,-8,0,0,0,0,0]} 1. d4 Nf6 2. c4 e6 3. Nf3 d5 4. Nc3 c6 5. e3 Nbd7 6. Qc2 b6 7. b3 Bb7 8. Bb2 Be7 9. Be2 O-O 10. O-O Rc8 11. Rad1 Qc7 {LiveBook: 13 Partien. D45: Damengambit (Anti-Meraner Variante)} 12. Rfe1 (12. e4 Nxe4 13. Nxe4 dxe4 14. Qxe4 c5 15. Qb1 Rfd8 16. Rfe1 Nf6 17. h3 h6 18. dxc5 Bxc5 19. Be5 {0-1 (52) Xu,Y (2463)-Le,Q (2699) Al Ain 2015}) 12... Qb8 $146 ({Vorgänger:} 12... a6 13. e4 dxe4 14. Nxe4 Nxe4 15. Qxe4 Bf6 16. Qb1 c5 17. dxc5 bxc5 18. Nd2 Bxb2 19. Qxb2 {0-1 (33) Dionigi,R (1910)-Moroni,L (2161) Gabicce Mare 2013}) 13. e4 dxe4 14. Nxe4 Nxe4 15. Qxe4 Nf6 16. Qc2 c5 {[#]} (16... Bb4 $14) 17. dxc5 ({Weiss braucht} 17. d5 $1 $16 {[%mdl 512]}) 17... bxc5 (17... Rxc5 $11 18. Ba3 Rc7 19. Bxe7 Rxe7) 18. Ng5 g6 19. Bf3 Bxf3 20. Nxf3 Rfd8 21. Ne5 Rxd1 22. Qxd1 Qb7 23. Qc1 Bf8 (23... Rd8 $142) 24. Qg5 Bg7 25. Nxg6 $1 h6 {[#]} 26. Qh4 (26. Qe3 $1 $16) 26... fxg6 $11 27. Bxf6 g5 28. Bxg5 $1 hxg5 29. Qxg5 Qf7 $40 {[%mdl 128] Weiss muss sich nun genau verteidigen.} 30. Re3 (30. h3 $11) 30... Qf5 $15 31. Qxf5 exf5 {[%mdl 4096] Endspiel KTL-KT} 32. Rd3 Bd4 33. g3 a5 34. Kg2 Kg7 35. h3 Kg6 36. f4 Re8 37. Kf3 Re1 {Droht stark ...Tf1+.} 38. g4 Ra1 39. Rd2 Rf1+ 40. Kg3 Rg1+ 41. Kf3 Rh1 42. Kg3 Re1 43. Kf3 $2 (43. Rd3 $17 {war die einzige Chance.}) 43... Re3+ $19 44. Kg2 Rc3 45. Re2 Be3 46. Kg3 Bc1+ (46... Rd3 $19 47. Kf3 Bd2+ 48. Kf2 Bxf4 49. Re6+ Kg5 50. gxf5 Kxf5) 47. Kh4 $17 Bxf4 {[%csl Gg6][%cal Rf4g5]} 48. Re6+ Kf7 49. gxf5 Rc2 50. Kg4 Bc1 51. Rc6 Rg2+ (51... a4 $5 52. Rxc5 a3 53. Rc7+ Ke8 $17) 52. Kf3 Rxa2 {...Ta3 ist eine echte Drohung.} 53. Rxc5 Ra3 {Weiss muss nun ...a4 beachten.} (53... Bd2 {is interesting.} 54. Ke4 Bb4 55. Rc7+ Kf6 56. Rc6+ Ke7) 54. Ke4 {Die Stellung ist ausgeglichen.} Rxb3 {Droht ...Te3+ und aus.} 55. Rxa5 Rxh3 56. c5 Rh4+ 57. Ke5 Bf4+ 58. Kd5 Bh2 59. c6 Kf6 60. Ra7 Kxf5 {Precision: Weiß = 60%, Schwarz = 54%.} 1/2-1/2

[Event "CHN-ch Rapid Women 2018"]
[Site "Shenzhen"]
[Date "2018.06.06"]
[Round "4"]
[White "Wang, Yu A"]
[Black "Zhu, Jiner"]
[Result "0-1"]
[WhiteElo "2328"]
[BlackElo "2336"]
[Annotator "TA"]
[PlyCount "54"]
[EventDate "2018.??.??"]
[EventType "rapid"]
[EventCountry "CHN"]
[SourceTitle "playchess.com"]
[Source "ChessBase"]
[SourceQuality "1"]

{[%evp 13,54,34,33,26,31,21,14,38,22,0,0,0,0,0,0,0,0,-5,-10,0,0,0,0,0,0,0,0,-21,-20,-244,-247,-286,-286,-354,-343,-679,-672,-6495,-4087,-2995,-2879,-2523,-2140]} 1. e4 c5 2. b3 Nc6 3. Bb2 d5 4. exd5 Qxd5 5. Nc3 Qd8 6. Nf3 Nf6 7. Bb5 {B20: Sicilian: Unusual White 2nd moves} Bd7 {LiveBook: 4 Games} 8. Qe2 (8. d4 cxd4 9. Nxd4 Nxd4 10. Qxd4 Bxb5 11. Qxd8+ Rxd8 12. Nxb5 {1-0 (46) Melkumyan,H (2534)-Hayrapetyan,A (2414) Gyumri 2008}) 8... e6 9. O-O-O {White is slightly better.} Nd4 $146 ({Predecessor:} 9... Qa5 10. d4 cxd4 11. Nxd4 Ba3 12. Nxc6 Bxc6 13. Bxc6+ bxc6 {½-½ (37) Malbran,G (2356)-Varela,G (2375) Buenos Aires 2001}) 10. Nxd4 cxd4 11. Bxd7+ Qxd7 12. Nb5 Bc5 13. Qc4 Rc8 {Black wants to play ...0-0.} 14. Nxd4 O-O 15. Kb1 Rfd8 $36 {[%cal Rc5d4][%mdl 2048] Black is pushing.} 16. Nf3 Ba3 17. Qe2 Bxb2 18. Kxb2 b5 {[%cal Bb7b5,Bb5b4][%mdl 32]} 19. Rhe1 a5 {[%cal Ba7a5,Ba5a4][%mdl 32]} 20. Rc1 a4 21. d4 $2 {[#]} (21. a3 $11 {and White stays safe.}) 21... b4 $19 {[%mdl 1024] Black has strong compensation.} 22. Qd2 Nd5 23. Ne5 Qa7 24. Nc4 $2 (24. Ra1 a3+ 25. Kc1) 24... Nc3 {Black is clearly winning.} ({Weaker is} 24... axb3 25. cxb3 Nc3 26. Rxc3 $17) 25. Ra1 Rxd4 26. Qe3 a3+ 27. Kc1 Rcd8 {Precision: White = 29%, Black = 100%.} 0-1

[Event "CHN-ch Rapid Women 2018"]
[Site "Shenzhen"]
[Date "2018.06.06"]
[Round "4"]
[White "Ren, Xiaoyi"]
[Black "Wang, Jue"]
[Result "1/2-1/2"]
[WhiteElo "2266"]
[BlackElo "2380"]
[Annotator "RC"]
[PlyCount "275"]
[EventDate "2018.??.??"]
[EventType "rapid"]
[EventCountry "CHN"]
[SourceTitle "playchess.com"]
[Source "ChessBase"]
[SourceQuality "1"]
[TimeControl "900+10"]

1. d4 d5 2. Nf3 Nf6 3. c4 e6 4. Bg5 Bb4+ 5. Nc3 dxc4 6. Bxf6 Qxf6 7. e4 c5 8. Bxc4 cxd4 9. Qxd4 Qxd4 10. Nxd4 O-O 11. Rc1 Rd8 12. Nf3 Nc6 13. Ke2 Nd4+ 14. Nxd4 Rxd4 15. Bd3 Bd7 16. a3 Be7 17. Rhd1 Bg5 18. Rb1 Rd8 19. Bc2 Bb5+ 20. Nxb5 Rd2+ 21. Ke1 Rxc2 22. f4 Be7 23. Rxd8+ Bxd8 24. Rd1 Bb6 25. Rd2 Rc1+ 26. Ke2 Rh1 27. Nxa7 Rxh2 28. Kf3 h5 29. Nc8 Bc5 30. b4 Bf8 31. Rd8 f6 32. Nb6 Kf7 33. Rd7+ Kg6 34. Rxb7 Rh1 35. Nd7 Bd6 36. e5 fxe5 37. fxe5 Be7 38. a4 Kf5 39. a5 Ra1 40. Nb8 Ra3+ 41. Ke2 Ra2+ 42. Kd3 Bxb4 43. Rxb4 Rxa5 44. Rh4 g6 45. Nc6 Ra2 46. Rh2 Kg4 47. Nd4 Kg3 48. Rh1 Kxg2 49. Re1 Kf2 50. Rd1 Ra3+ 51. Ke4 Re3+ 52. Kf4 g5+ 53. Kxg5 Rxe5+ 54. Kf4 Ra5 55. Rd2+ Kf1 56. Nf3 Ra4+ 57. Kg3 Rg4+ 58. Kh3 Rf4 59. Ng5 Ke1 60. Rd6 Rg4 61. Rxe6+ Kf2 62. Rf6+ Ke3 63. Nf7 Rf4 64. Re6+ Kd4 65. Ng5 h4 66. Re1 Kd3 67. Ne6 Rc4 68. Ng5 Rf4 69. Re8 Kd2 70. Re7 Kd3 71. Re6 Kd2 72. Re7 Kd3 73. Re5 Kd2 74. Ne6 Rc4 75. Ng7 Kd3 76. Nf5 Re4 77. Ra5 Kc3 78. Nxh4 Kb4 79. Rd5 Kc4 80. Rd8 Rd4 81. Rc8+ Kd3 82. Nf3 Re4 83. Kg3 Re3 84. Rd8+ Ke4 85. Rf8 Kd3 86. Rf5 Ke4 87. Rf4+ Kd3 88. Ra4 Ke2 89. Kg2 Re8 90. Nd4+ Kd3 91. Nf5 Re5 92. Ng3 Re8 93. Ra3+ Kd4 94. Kf3 Rf8+ 95. Ke2 Re8+ 96. Kd2 Rb8 97. Ne2+ Ke4 98. Ra4+ Kd5 99. Kd3 Rg8 100. Ra5+ Kc6 101. Kc4 Kd6 102. Nd4 Rc8+ 103. Kd3 Rg8 104. Ra6+ Kd5 105. Ra5+ Kd6 106. Nf5+ Ke6 107. Ne3 Rh8 108. Ke4 Rh4+ 109. Kf3 Rb4 110. Nf5 Rb1 111. Ke4 Re1+ 112. Ne3 Kd6 113. Kd4 Rc1 114. Ra6+ Kd7 115. Kd5 Kc7 116. Nc4 Rd1+ 117. Kc5 Kb7 118. Rh6 Kc7 119. Rc6+ Kd7 120. Nb6+ Ke7 121. Nd5+ Kf7 122. Rh6 Kg7 123. Re6 Kf7 124. Kd6 Rd2 125. Re7+ Kg6 126. Re5 Kf7 127. Rf5+ Kg6 128. Rf3 Kg5 129. Ke5 Kg4 130. Rf4+ Kg3 131. Ne3 Rf2 132. Nf1+ Kg2 133. Ne3+ Kg3 134. Nf5+ Kg2 135. Rg4+ Kf3 136. Rg3+ Ke2 137. Ke4 Kd2 138. Ke5 1/2-1/2

[Event "CHN-ch Rapid Women 2018"]
[Site "Shenzhen"]
[Date "2018.06.06"]
[Round "4"]
[White "Gu, Tianlu"]
[Black "Liu, Xianglin"]
[Result "0-1"]
[WhiteElo "2210"]
[BlackElo "2212"]
[Annotator "TA"]
[PlyCount "92"]
[EventDate "2018.??.??"]
[EventType "rapid"]
[EventCountry "CHN"]
[SourceTitle "playchess.com"]
[Source "ChessBase"]
[SourceQuality "1"]

{[%evp 15,92,26,36,31,86,46,61,14,14,0,27,9,23,8,11,17,14,26,26,26,22,0,0,-37,-38,-124,-111,-108,-28,-68,-68,-166,-170,-181,-104,-486,-70,-72,-72,-72,-72,-72,-68,-77,-77,-123,-90,-92,-100,-495,-484,-785,-772,-780,-675,-1756,-1744,-1551,-1461,-1076,-1191,-12837,-12833,-2340,-2447,-12838,-12836,-12833,-5708,-12839,-12839,-12843,-12843,-12847,-12845,-12851,-12851,-12851,-29982]} 1. e4 e6 2. d4 d5 3. Nd2 dxe4 4. Nxe4 Nd7 5. Nf3 Ngf6 6. Bd3 Nxe4 7. Bxe4 Nf6 8. Bd3 Bd6 9. O-O {C10: French with 3 Nc3: Unusual Black 3rd moves and 3...dxe4} (9. Bg5 h6 10. Bh4 O-O 11. Qe2 c5 12. dxc5 Bxc5 13. O-O-O Qc7 14. Kb1 Be7 15. Rhg1 Nd5 16. Bxe7 Qxe7 {1-0 (29) Srinath,R (2359)-Riess,A (2306) Budapest 2018}) 9... h6 (9... O-O $14) 10. c3 O-O 11. Qe2 {White is slightly better.} b6 12. Ne5 Bb7 13. Rd1 Qe7 14. a4 $146 ({Predecessor:} 14. Bf4 c5 15. dxc5 Bxc5 16. Rd2 Rfd8 {1-0 (37) Gonzalez,B (2138)-Jaeger,F (2094) ICCF email 2009}) 14... a5 15. Nc4 Rad8 16. Nxd6 Qxd6 17. f3 Rfe8 18. b3 Nd5 19. Qc2 e5 20. Be4 (20. Bb5 $15 c6 21. Bc4) 20... exd4 $17 21. Rxd4 {[#]} Qc5 ({Better is} 21... Qf6 $1 $17 22. Bb2 Ne3) 22. Ba3 {[#]} Nb4 $1 {[%mdl 512]} 23. Bxb4 (23. Qf2 $15 Rxd4 24. Bxb4 Rxb4 25. Qxc5 bxc5 26. cxb4 Bxe4 27. fxe4) 23... axb4 $19 24. Qf2 {And now Rxd8 would win.} Bxe4 (24... Qxc3 $19 25. Rad1 Rxd4 26. Qxd4 Qxd4+ 27. Rxd4 Bxe4 28. fxe4 c5) 25. fxe4 $2 {[%mdl 8192]} (25. Rxd8 $17 {nothing else works.} Qxf2+ 26. Kxf2 Rxd8 27. fxe4 Rd2+ 28. Ke3) 25... bxc3 $2 (25... Qxc3 $19 26. Rad1 Rxd4 27. Qxd4 Qxb3) 26. Rxd8 $15 Qxf2+ ({Of course not} 26... Rxd8 27. Qxc5 bxc5 28. Rc1 $11) 27. Kxf2 Rxd8 $19 {[%mdl 4096] Endgame KR-KR} 28. Ra2 {[#]} Rd4 $1 29. Ke3 Rb4 30. a5 {Hoping for a6.} bxa5 ({Reject} 30... Rxb3 $6 31. a6 $14) 31. Rxa5 Rxb3 32. Kd3 $2 {[%mdl 8192]} (32. Rc5 $17 {is tougher.}) 32... Rb2 {Black is clearly winning.} 33. Rc5 (33. Rh5 $142 Rxg2 34. Kxc3) 33... Rxg2 34. Rxc3 Rxh2 {Threatens to win with ...Rh3+.} 35. Rxc7 Rf2 36. Ke3 Rf6 37. Rc5 g5 38. e5 Rf5 39. Ke4 Rf4+ 40. Ke3 Kg7 41. Rc6 h5 {[%cal Bh6h5,Bh5h4][%mdl 32]} 42. Rc7 Kg6 43. Re7 h4 44. e6 fxe6 45. Rxe6+ Kf5 46. Re8 Kg4 {Precision: White = 21%, Black = 59%.} (46... h3 $19 47. Rh8 Kg4) 0-1